000 00949nam a22002177a 4500
003 AM-YeHGA
040 _aAM-YeHGA
090 _c429231
005 20250617155132.0
008 190301s1948 ru ||||| |||| 00| 0 rus d
041 0 _arus
100 1 _aЛукьянова, Нина Павловна
245 1 0 _aСправочник иностранных валют /
_cСост. Н. П. Лукьянова и В. А. Шильдкрут ; Под ред. Ф. П. Быстрова
260 _aМосква :
_b Междунар. книга,
_c1948.
300 _a120 с.;
_c20 см.
650 1 4 _aВалюта иностранных государств
_vСправочники
650 1 4 _aДенежное обращение в зарубежных странах -
_vСправочники
700 1 _aШильдкрут, Владимир Абрамович
700 1 _aБыстров, Ф. П.
_eред.
_4edt
942 _2udc
_cBK
999 _c426752
_d426752